| 000 | 02401nam a22003617a 4500 | ||
|---|---|---|---|
| 001 | 102126 | ||
| 003 | KnowledgeUnlatched | ||
| 005 | 20210303105250.0 | ||
| 006 | m o d | ||
| 007 | cr u|||||||||| | ||
| 008 | 210129p20112019ne o u00| u eng d | ||
| 037 | _5BiblioBoard | ||
| 245 | 0 | 0 |
_a"And he knew our language" _bMissionary Linguistics on the Pacific Northwest Coast / _cMarcus Tomalin. |
| 020 | _a9789027286833 | ||
| 024 | 8 | _a10.1075/sihols.116 | |
| 029 | 1 | _ahttps://library.biblioboard.com/ext/api/media/6ab20cdc-b65a-4eba-a0d2-d79cfc7c71db/assets/thumbnail.jpg | |
| 040 |
_aScCtBLL _cScCtBLL |
||
| 100 | 1 |
_aTomalin, Marcus _eauthor. |
|
| 264 | 1 | _bJohn Benjamins Publishing Company, | |
| 300 | _a1 online resource (218 p.) | ||
| 506 | 0 |
_aAccess copy available to the general public. _fUnrestricted _2star |
|
| 520 | _aThis ambitious and ground-breaking book examines the linguistic studies produced by missionaries based on the Pacific Northwest Coast of North America (and particularly Haida Gwaii) during the late nineteenth and early twentieth centuries. Making extensive use of unpublished archival materials, the author demonstrates that the missionaries were responsible for introducing many innovative and insightful grammatical analyses. Rather than merely adopting Graeco-Roman models, they drew extensively upon studies of non-European languages, and a careful exploration of their scripture translations reveal the origins of the Haida sociolect that emerged as a result of the missionary activity. The complex interactions between the missionaries and anthropologists are also discussed, and it is shown that the former sometimes anticipated linguistic analyses that are now incorrectly attributed to the latter. | ||
| 588 | 0 | _aDescription based on print version record. | |
| 590 | _aKU Select 2018: HSS Backlist Books | ||
| 650 | 7 |
_aLanguage Arts & Disciplines / Linguistics _2bisacsh |
|
| 650 | 0 | _aLanguage arts | |
| 655 | 0 | _aElectronic books. | |
| 758 |
_iIs found in: _aKnowledge Unlatched _1https://openresearchlibrary.org/module/2774bc74-146a-484f-a7ba-ab1d6a09bbfb |
||
| 856 | 4 | 0 |
_uhttps://openresearchlibrary.org/content/6ab20cdc-b65a-4eba-a0d2-d79cfc7c71db _zView this content on Open Research Library. _70 |
| 999 |
_c34013 _d34013 |
||